Movies Quiz

Random Movies or Disney Quiz

One-Word Disney Movies Named After Characters Quiz Stats

 Plays Quiz Updated May 4, 2018

Challenge
Share
Tweet
Embed
Score 0/11 Timer 02:00
134 Plays Today
Film % Correct
Cinderella
83.2%
Mulan
67.6%
Aladdin
62.1%
Dumbo
57.7%
Pocahontas
55.4%
Bambi
53.9%
Pinocchio
50.6%
Moana
39.3%
Hercules
37.4%
Tarzan
33.4%
Bolt
32%

You're not logged in!

Compare scores with friends on all Sporcle quizzes.
Join for Free
OR
Log In

You Might Also Like...

Show Comments

Extras

Top Quizzes Today


Score Distribution

Your Account Isn't Verified!

In order to create a playlist on Sporcle, you need to verify the email address you used during registration. Go to your Sporcle Settings to finish the process.

Report this User

Report this user for behavior that violates our Community Guidelines.

Details: